000 01227cam a2200313 i 4500
001 bg
003 KOSZ 005
005 20200807095512.0
008 060412s2006 pl a f f |001 0 pol
015 _aPB 2006/8787
020 _a8320431565
040 _aWA N
_cKOSZ 005/HR
_dKOSZ 005/HR
080 _a519.86:336.76
080 _a(075.8)
245 0 0 _aMatematyka finansowa :
_binstrumenty pochodne /
_cJacek Jakubowski [et al.] ; pod red. Marka Rutkowskiego.
250 _aWyd. 2.
260 _aWarszawa :
_bWydawnictwa Naukowo-Techniczne,
_c2006.
300 _a320 s. ;
_c24 cm.
504 _aBibliogr. przy rozdz. Indeks.
521 8 _aDla studentów i doktorantów matematyki oraz ekonomii, a także pracowników naukowo-dydaktycznych prowadzących zajęcia z matematyki finansowej.
655 4 _aPodręczniki akademickie
650 4 _aMatematyka finansowa
650 4 _aInstrumenty pochodne
700 1 _aJakubowski, Jacek
_d(1954- ).
700 1 _aRutkowski, Marek
_d(1952- ).
_eRed.
710 2 _aWydawnictwa Naukowo-Techniczne
_4pbl.
856 _uhttp://koha.tu.koszalin.pl/cgi-bin/koha/opac-detail.pl?biblionumber=55994
_zKatalog online BPK
942 _2UKD
_cKS
999 _c55994
_d55994